000
00297nam a2200121Ia 4500
005
20260326100047.0
008
260326s9999||||xx |||||||||||||| ||und||
100
_a
Warpole, Ken
245
0
_a
Last Landscapes /
_c
Ken Warpole
260
_b
Reaktion Books
650
_a
ARQUITECTURA CIVIL
942
_c
BK
999
_c
7255
_d
7255